| 000 | 01119cam a2200373Mi 4500 | ||
|---|---|---|---|
| 001 | 96969 | ||
| 005 | 20230410130544.0 | ||
| 008 | 080424s2008 fr 000 0 fre d | ||
| 035 | _a(OCoLC)ocn228042026 | ||
| 040 |
_aTZT _cTZT |
||
| 020 | _a9782844811226 | ||
| 020 | _a2844811221 | ||
| 029 | 0 |
_aTZT _bJTL00223469 |
|
| 035 | _a(OCoLC)228042026 | ||
| 072 | 7 |
_aAY _2lcco |
|
| 050 | 1 | 4 |
_aPN 1992.3 _bT269 2008 |
| 082 | 0 | 0 | _a384.550 94409051 |
| 049 | _aGRAL | ||
| 245 | 0 | 0 |
_aTélévision 2008 / _cconception & réalisation Pascale Gellez. |
| 260 |
_aParis : _bDixit, _c2008. |
||
| 300 |
_a288 p. ; _c24 cm. |
||
| 440 | 0 | _aTélévision. | |
| 650 | 0 |
_aTelevision programs _zFrance _vPeriodicals. |
|
| 650 | 0 |
_aTelevision programs _vReviews _vPeriodicals. |
|
| 650 | 4 |
_aEstaciones de televisión _zFrancia. |
|
| 650 | 4 |
_aProgramas de televisión _zFrancia. |
|
| 650 | 4 |
_aTelevisión estatal _zFrancia. |
|
| 650 | 4 | _aTelevisión y cultura. | |
| 700 | 1 | _aGellez, Pascale. | |
| 938 |
_aJean Touzot Libraire Editeur _bTOUZ _nJTL00223469 _c30 EUR |
||
| 942 |
_2lcc _cbk |
||
| 946 | _amjcruz | ||
| 994 |
_aC0 _bDRFGD |
||
| 999 |
_c76055 _d76055 |
||